Documento expedido por el Papa Sixto V (Record no. 4683)
[ view plain ]
| 000 -CABECERA | |
|---|---|
| campo de control de longitud fija | 01488nam a2200301 a 4500 |
| 001 - NÚMERO DE CONTROL | |
| campo de control | BRCA_4989 |
| 005 - FECHA Y HORA DE LA ÚLTIMA TRANSACCIÓN | |
| campo de control | 20190320204906.0 |
| 008 - DATOS DE LONGITUD FIJA--INFORMACIÓN GENERAL | |
| campo de control de longitud fija | 281010s1595----it-######v---#000-0#sps-# |
| 041 ## - CÓDIGO DE LENGUA | |
| Código de lengua del texto/banda sonora o título independiente | spa |
| 044 ## - CÓDIGO DEL PAÍS DE LA ENTIDAD EDITORA/PRODUCTORA | |
| Código MARC del país | mx |
| 084 ## - OTRO NÚMERO DE CLASIFICACIÓN | |
| Número de clasificación | DOC68 |
| Número de documento/Ítem | .S59 |
| -- | 1585 |
| 100 1# - ENTRADA PRINCIPAL--NOMBRE DE PERSONA | |
| Nombre de persona | Sixto |
| Numeración | V, |
| Títulos y otros términos asociados al nombre | Papa |
| Fechas asociadas al nombre | 1521-1590 |
| 9 (RLIN) | 12708 |
| 245 10 - MENCIÓN DE TÍTULO | |
| Título | Documento expedido por el Papa Sixto V |
| Mención de responsabilidad, etc. | Sixto V. |
| 260 ## - PUBLICACIÓN, DISTRIBUCIÓN, ETC. | |
| Lugar de publicación, distribución, etc. | San Pedro, Roma |
| Fecha de publicación, distribución, etc. | 1585 |
| 300 ## - DESCRIPCIÓN FÍSICA | |
| Extensión | [8] fojas |
| Dimensiones | 30 x 21 cm. |
| 500 ## - NOTA GENERAL | |
| Nota general | Documento firmado en San Pedro del Vaticano el 5 de enero de 1585. |
| 500 ## - NOTA GENERAL | |
| Nota general | Tomado de la portada ´Prohibición de exercer el Arte de Aftrologia, Iudiciaria y hazer Encantamientos, Adivinaziones y Hechizerias, de leer y tener libros de las dichas cofas y facultad de los Ordinarios y de los Inquifidores, de reprimir y caftigar a los inobedientes´. |
| 500 ## - NOTA GENERAL | |
| Nota general | Contiene restos de sello lacrado con el escudo del Santo Oficio en la última foja. |
| 500 ## - NOTA GENERAL | |
| Nota general | Contiene la leyenda DOC. #78. |
| 500 ## - NOTA GENERAL | |
| Nota general | Estado de conservación: contiene márgenes maltratados y una mancha de acidez en todas las fojas causas por los restos del sello lacrado. |
| 506 0# - NOTA DE RESTRICCIONES AL ACCESO | |
| Limitaciones de acceso | Fondo Reservado. Para su consulta es necesario credencial de usuario y carta de motivos. |
| 546 ## - NOTA DE LENGUA/LENGUAJE | |
| Nota de lengua/lenguaje | Texto en: español de finales del siglo XVI. |
| 600 14 - PUNTO DE ACCESO ADICIONAL DE MATERIA--NOMBRE DE PERSONA | |
| Nombre de persona | Sixto |
| Numeración | V, |
| Títulos y otros términos asociados al nombre | Papa |
| Fechas asociadas al nombre | 1521-1590 |
| Subdivisión general | Historia |
| 9 (RLIN) | 12709 |
| 650 14 - PUNTO DE ACCESO ADICIONAL DE MATERIA--TÉRMINO DE MATERIA | |
| Término de materia o nombre geográfico como elemento de entrada | Documentos legales |
| Subdivisión general | Curia romana |
| Subdivisión geográfica | Roma |
| 9 (RLIN) | 12680 |
| 651 #4 - PUNTO DE ACCESO ADICIONAL DE MATERIA--NOMBRE GEOGRÁFICO | |
| Nombre geográfico | México |
| Subdivisión general | Historia |
| Subdivisión cronológica | Colonia, 1521-1821 |
| 9 (RLIN) | 12461 |
| 902 ## - CATALOGADOR | |
| Iniciales | FDH |
| 942 ## - ELEMENTOS DE PUNTO DE ACCESO ADICIONAL (KOHA) | |
| Fuente del sistema de clasificación o colocación | Library of Congress Classification |
| Tipo de ítem Koha | Documentos |
| Estado de retiro | Estado de pérdida | Estado dañado | No para préstamo | Localización permanente | Ubicación/localización actual | Fecha de adquisición | Total de préstamos | Signatura topográfica completa | Código de barras | Fecha visto por última vez | Precio válido a partir de | Tipo de ítem Koha |
|---|---|---|---|---|---|---|---|---|---|---|---|---|
| El ejemplar forma parte de la colección y puede ser consultado según las políticas vigentes. | Biblioteca del Museo Franz Mayer (Rogerio Casas-Alatriste) | Biblioteca del Museo Franz Mayer (Rogerio Casas-Alatriste) | 28/10/2010 | DOC68 .S59 1585 | 5073 | 22/03/2019 | 22/03/2019 | Documentos |